Підручник для відділових урядників та організаторів Українського Народного Союза (Запис № 442263)

МАРК-запис
000 -Лідер
fixed length control field 00823nam a22002537a 4500
001 - Контрольний номер
control field 43789
003 - Ідентифікатор контрольного номера
control field UA-OsUOA
005 - Дата та час останнього входження (трансакції)
control field 20200911125324.0
007 - Фіксоване поле фізичного опису
fixed length control field ta
008 - Елементи даних фіксованої довжини – загальна інформація
fixed length control field 20091105b un ||||| |||| 00| 0 ukr d
040 ## - Джерело каталогізації
Агенція оригінальної каталогізації UA-OsUOA
Мова каталогізації ukr
Агенція, яка здійснювала перезапис UA-OsUOA
Агенція, яка здійснювала модифікацію UA-OsUOA
041 ## - Код мови
Код мови тексту/ звукової доріжки чи окремого заголовка (П) ukr
080 ## - Індекс Універсальної десяткової класифікації
Індекс Універсальної десяткової класифікації (УДК) (НП) 09.-061
090 ## - Локальний шифр розміщення
Класифікаційний індекс УДК 09.-061
Авторський знак (НП) Г15
100 ## - Основне введення – ім’я особи
Ім’я особи (НП) Галичин Д.
245 ## - Відомості про назву
Назва (НП) Підручник для відділових урядників та організаторів Українського Народного Союза
260 ## - Публікація, розповсюдження і т.п. (Вихідні дані)
Місце публікації, розповсюдження і т.п. (П) Джерзі
Ім’я/ наймення видавництва, розповсюджувача і т.п. (П) УНС
Дата публікації, розповсюдження і т.п. (П) 1935
300 ## - Фізичний опис
Обсяг 63 с.
650 #7 - Додаткове предметне введення – тематичний термін
Тематичний термін чи географічна назва, як елемент введення (НП) 0 Загальний відділ.
Джерело заголовка чи терміна UDC
942 ## - Додаткові елементи входу (Коха)
Тип елемента Koha Книги
Source of classification or shelving scheme Universal Decimal Classification
955 ## - Код типу видання за змістом
Код типу видання за змістом (НП) Навчальні видання
Фонди
Стан вилучень Стан втрат Джерело класифікації або схеми стелажів Стан уражень Не для кредиту Постійне місце розташування Поточне розміщення Дата придбання Джерело придбання Вартість, звичайна ціна покупки Інвентарний номер Усього замовленно Повний номер виклику Штрих-код Дата останнього перегляду Ціна ефективна від Тип елемента Koha
    Universal Decimal Classification     Наукова бібліотека ІДУД Наукова бібліотека ІДУД 05/11/2009 109/2007 1.00 2131160   09.-061 Г15 2131160 15/09/2019 05/11/2009 Книги
    Universal Decimal Classification     Наукова бібліотека ІДУД Наукова бібліотека ІДУД 05/11/2009 109/2007 1.00 2131161   09.-061 Г15 2131161 15/09/2019 05/11/2009 Книги